000
00252nam a22000857a 4500
008
160629b xxu||||| |||| 00| 0 eng d
100
_9
1363
_a
Aggarwal, J.C
245
_a
Ancient & Medieval History of India - XI
260
_a
New Delhi
_b
Vikas Publication
_c
1998
999
_c
1122
_d
1122